000 00839nam a22002417a 4500
005 20251108173638.0
008 250721s2007 xx 000 0 ara d
082 1 4 _a320.5/ربي
100 1 _aالربيعي، صاحب
_eمؤلف
245 1 0 _aدور الفكر في السياسة و المجتمع /
264 1 _aدمشق :
_bصفحات للدراسات و النشر،
_c2007.
264 1 _aدمشق :
_bصفحات للدراسات و النشر،
_c2007.
300 _a96 ص.
650 1 7 _aالعلوم السياسيه
650 1 7 _aالايديولوجيات
650 1 7 _aالااتمان السياسي
942 _2ddc
_cBK
082 1 4 _a320.5/ربي
100 1 _aالربيعي، صاحب
_eمؤلف
245 1 0 _aدور الفكر في السياسة و المجتمع /
300 _a96 ص.
999 _c108903
_d108903